000
00323nam a22001217a 4500
040
_c
SY
082
_a
576
100
_a
KY VANNARITH; គី វណ្ណារិទ្ធ
245
_a
Systematic aquatic zoology, ប្រព័ន្ធវារីសត្វ
260
_a
RUA
_b
KY
_c
2000
300
_a
65p.
942
_c
KB
999
_c
9692
_d
9692